1276 1724 1060 1436 1948 1489 1858 1550 1980 1742 1467 1772 1220 1189 1028 1992 1205 1226 1418 1847 1725 1514 1986 1627 1673 1875 1506 1176 1654 1053 1245 1989 1761 1717 1877 1544 1900 1182 1123 1849 1177 1937 1369 1410 1478 1706 1509 1174 1909 1448 1455 1385 1051 1239 1377 1971 1811 1237 1019 1203 1111 1220 1603 1891 1285 1296 1331 1094 1248 1558 1421 1180 1435 1412 1065 1952 1524 1797 1566 1638 1025 1591 1615 1740 1019 1489 1826 1672 1087 1716 1699 1328 1840 1349 1812 1256 1922 1194 1533 BCNSPRNW ULIB Ver.6.0+V

เปลี่ยนเป็นภาษาไทย

Change to English
 แสดงรายละเอียดบรรณานุกรม
  กลับหน้าหลัก

Brief Record : Get Marc (ISO 2709) : E-mail record : QR code < ปิดหน้าต่าง
LEADER : 00000nam 2200000uu 4500
001    13399122627
003     ULIB
008    020711s2012 th a 000 0 eng d
020    9781604069525
060  4 QS4^bA614A
100    Anne M. Gilroy
245    Atlas of Anatomy./^cAnne M. Gilroy, Brian R. MacPherson, Lawrence M. Ross
250    2nd ed
260    New York :^bThieme,,^c2012
300    694 pages
650    Anatomie; Atlas
700    Brian R. MacPherson
700    Lawrence M. Ross
945    ^p0^l0^i20074
999    ^aทศพร เกษรทอง
รายการนี้ยังไม่มีแท็ก
คุณยังไม่ได้ล็อกอิน คุณสามารถมีกิจกรรมร่วมกับเว็บไซต์ได้ แต่ต้องล็อกอินก่อน ::
  ล็อกอิน

รายการสื่อสารสนเทศ

ลำดับที่ ประเภท เลขเรียก/บาร์โค้ด สถานที่ สถานะ
1. วิทยาศาสตร์การแพทย์ และสุขภาพ
วิทยาศาสตร์การแพทย์ และสุขภาพ
QS4 A614A C.1 
  Barcode: 20074
ห้องสมุดวิทยาเขตสวรรค์ประชารักษ์
►หนังสือทั่วไป
บนชั้น

BibComment


ยังไม่เคยถูกคอมเมนท์

คอมเมนท์ทรัพยากรรายการนี้
  คอมเมนท์: Atlas of Anatomy ..


 Copyright 2026. Bcnsprnw @Library